|
|
|
|
| LEADER |
01257nam a2200325 a 4500 |
| 001 |
c000182291 |
| 003 |
CARM |
| 005 |
20050419123509.0 |
| 008 |
830525s1983 dcu b 000 0 eng |
| 010 |
|
|
|a 83010321 //r87
|
| 019 |
1 |
|
|a 2795996
|5 LACONCORD2021
|
| 020 |
|
|
|a 0821302094 (pbk.)
|
| 035 |
|
|
|a (OCoLC)9644218
|5 LACONCORD2021
|
| 040 |
|
|
|a LC
|b eng
|c LC
|d NNCU:A
|
| 043 |
|
|
|a s-bl---
|
| 050 |
0 |
0 |
|a HC190.I5
|b D43 1983
|
| 082 |
0 |
4 |
|a 339.4/6/0981
|2 19
|
| 100 |
1 |
|
|a Denslow, David,
|d 1942-
|
| 245 |
1 |
0 |
|a Perspectives on poverty and income inequality in Brazil :
|b an analysis of the changes during the 1970s /
|c David Denslow, Jr., William G. Tyler.
|
| 260 |
|
|
|a Washington, D.C., U.S.A. :
|b World Bank,
|c c1983.
|
| 300 |
|
|
|a 47 p. ;
|c 28 cm.
|
| 490 |
1 |
|
|a World Bank staff working papers,
|x 0253-2115 ;
|v no. 601
|
| 504 |
|
|
|a Bibliography: p. 31-32.
|
| 650 |
|
0 |
|a Income distribution
|z Brazil.
|
| 650 |
|
0 |
|a Poor
|z Brazil.
|
| 700 |
1 |
|
|a Tyler, William G.
|
| 830 |
|
0 |
|a World Bank staff working paper ;
|v no. 601.
|
| 852 |
8 |
|
|b CARM
|h A1:AR30C0
|i D07757
|p 0249320
|f BK
|
| 999 |
f |
f |
|i 88ef1506-2170-559a-a7af-855c442a7fbc
|s a0430687-cc24-5afb-9bc7-51717f28e0b4
|
| 952 |
f |
f |
|p Can circulate
|a CAVAL
|b CAVAL
|c CAVAL
|d CARM 1 Store
|e D07757
|f A1:AR30C0
|h Other scheme
|i book
|m 0249320
|